ბათუმის შოთა რუსთაველის სახელმწიფო უნივერსიტეტის ბიბლიოთეკა

ფერის ლექსიკო - სემანტიკური ველი ინგლისურ და ქართულ ენებში : დისერტაცია / (ბიბ.ჩანაწერი № 52058)

000 -ლიდერი
ფიქსირებული სიგრძის საკონტროლო ველი 01472nam a2200241Ia 4500
001 - საკონტროლო ნომერი
საკონტროლო ველი 19064
003 - საკონტროლო ნომრის იდენტიფიკატორი
საკონტროლო ველი GE_BSU
005 - ბოლო ოპერაციის თარიღი და დრო
საკონტროლო ველი 20220920151400.0
008 - ფიქსირებული სიგრძის მონაცემთა ელემენტები - ზოგადი ინფორმაცია
ფიქსირებული სიგრძის საკონტროლო ველი 181216s2008||||ge |||||||||||||| ||geo||
040 ## - კატალოგიზაციის წყარო
Transcribing agency GE_BSU
041 ## - ენის კოდი
Language code of text/sound track or separate title geo
080 ## - უნივერსალური ათობითი კლასიფიკაციის ინდექსი
Universal Decimal Classification number 81 მ-86
100 ## - მთავარი ჩანაწერი - პიროვნების სახელი
Personal name მოსიაშვილი, ნ.
9 (RLIN) 10568
245 ## - ცნობა სათაურის შესახებ
Title ფერის ლექსიკო - სემანტიკური ველი ინგლისურ და ქართულ ენებში : დისერტაცია /
Statement of responsibility, etc ნ. მოსიაშვილი; სამეცნიერო ხელმძღვანელი მ. რუსიეშვილი; ბათუმის შოთა რუსთაველის სახეკმწიფო უნივერსიტეტი.
264 ## - წარმოების, გამოცემის, დისტრიბუციის და სხვა ცნობები
გამოცემის, წარმოების, დისტრიბუციის... ადგილი ბათუმი,
გამოცემის, წარმოების, დისტრიბუციის... სახელწოდება
გამოცემის, წარმოების, დისტრიბუციის... თარიღი 2008.
300 ## - ფიზიკური აღწერა
Extent 139 გვ. ;
Other physical details 30 სმ.
653 ## - INDEX TERM--UNCONTROLLED
Uncontrolled term დისერტაცია
653 ## - INDEX TERM--UNCONTROLLED
Uncontrolled term ენათმეცნიერება
653 ## - INDEX TERM--UNCONTROLLED
Uncontrolled term ფერის ლექსიკო-სემანტიკური ველი ინგლისურ და ქართულ ენებში.
700 ## - ADDED ENTRY--PERSONAL NAME
Personal name რუსიეშვილი, მ.
Relator term სამეცნიერო ხელმძღვანელი
9 (RLIN) 10569
710 ## - ADDED ENTRY--CORPORATE NAME
Corporate name or jurisdiction name as entry element ბათუმის შოთა რუსთაველის სახელმწიფოფო უნივერსიტეტი
9 (RLIN) 10570
942 ## - ADDED ENTRY ELEMENTS (KOHA)
Koha item type წიგნი
Source of classification or shelving scheme
ეგზემპლარები
ჩამოწერის სტატუსი დაკარგული ეგზემპლარის სტატუსი კლასიფიკაციის წყარო ან თაროზე გაწყობის სქემა დაზიანების სტატუსი არ გაიცემა მუდმივი მდებარეობა (დაცვის ადგილი) ამჟამინდელი ადგილსამყოფელი თაროზე განთავსების ადგილი შეძენის თარიღი სრული შენახვის შიფრი შტრიხკოდი ბოლო ოპერაციის თარიღი ეგზემპლარის მიმდევრობითი ნომერი (კეტერი?) ფასის ძალაში შესვლის თარიღი ეგზემპლარის სახეობა
          ბათუმის შოთა რუსთაველის სახელმწიფო უნივერსიტეტის მთავარი ბიბლიოთეკა ბათუმის შოთა რუსთაველის სახელმწიფო უნივერსიტეტის მთავარი ბიბლიოთეკა წიგნსაცავი 2018-12-17 81 მ-86 48 დისერტ. 2018-12-17 48 2018-12-17 დისერტაცია